000 00639nam a2200253Ia 4500
003 OSt
005 20221007102045.0
006 a|||||r|||| 00| 0
007 ta
008 221006b |||||||| |||| 00| 0 eng d
024 _a9,293
037 _cTextual
040 _aLCO
_cLCO
_beng
041 _2eng
_aeng
082 _aZ2,98:3qN08, P2
100 _aSENGUPTA SP
_9704233
245 0 _aREGISTRATION ACT
250 _a1
260 _aKolkata
_bKamal Law House
_c2002
300 _a544
650 _aREGISTRATION ACT
_9682525
942 _hZ2,98:3qN08, P2
_cTEXL
999 _c1178856
_d1178856